000 00658nam a2200277Ia 4500
005 20260320195731.0
008 008 262003s9999 xx 000 0 hin d
020 _a9788126717071
037 _aEBOOK
040 _aCRL
040 _bhin
040 _cCRL
041 _2hin
041 _ahin
084 _qCRL
100 _aभगवतीचरण वर्मा
245 0 _aभूले बिसरे चित्र
250 _a9th
260 _bRajkamal
260 _c2009
300 _a496
856 _uhttps://ebook.indiaread.in/pdfs/9788126717071.pdf
942 _cEBOOK
999 _c1716198
_d1716198